Które państwo Ameryki Południowej? - Statystyki

Ogólne statystyki
  • Ten quiz został rozwiązany 3 113 razy
  • Średni wynik to 9 z 15
Statystyki odpowiedzi
Zagadnienie Odpowiedź % Poprawnych
Gdzie miał swoją siedzibę kartel Pabla Escobara? Kolumbia
88%
Gdzie znajdowała się stolica Imperium Inków? Peru
88%
Które z tych państw zdobyło mistrzostwo świata w piłce nożnej mężczyzn? Urugwaj
81%
Które państwo rości sobie prawa do Falklandów? Argentyna
80%
W którym z tych państw językiem urzędowym jest hiszpański? Urugwaj
79%
Które państwo zostało skolonizowane przez Holendrów? Surinam
75%
Które państwo zostało nazwane na cześć sławnej osoby? Boliwia
59%
Częścią jakiego państwa jest Wyspa Wielkanocna? Chile
58%
Która nazwa państwa pochodzi od nazwy pierwiastka układu okresowego. Argentyna
53%
Kto wygrał wojnę na Pacyfiku na początku XIX wieku? Chile
51%
Wodospady Iguazu znajdują się na granicy Brazylii i jakiego innego państwa? Argentyna
41%
Gdzie znajduje miasto Recife? Brazylia
41%
Gdzie znajduje się większa część rzeki Orinoko? Wenezuela
39%
Które państwo było częścią Cesarstwa Brazylijskiego? Urugwaj
38%
Ziemia nie jest idealną kulą, jest wybrzuszona w środku. Z tego powodu szczyt góry Chimborazo jest punktem na Ziemi najbardziej oddalonym od centrum Ziemi. Gdzie znajdziesz górę Chimborazo? Ekwador
37%
Nie znaleziono quizów pasujących do podanych kryteriów
Rozkład punktacji
Procent ludzi z każdym wynikiem
Percentyl według liczby udzielonych odpowiedzi
Twoja historia wyników
Nie rozwiązałeś tego quizu